Machine Design (Record no. 4628)

MARC details
000 -LEADER
fixed length control field 00393nam a22001697a 4500
005 - DATE AND TIME OF LATEST TRANSACTION
control field 20160629121256.0
008 - FIXED-LENGTH DATA ELEMENTS--GENERAL INFORMATION
fixed length control field 160629b xxu||||| |||| 00| 0 eng d
020 ## - INTERNATIONAL STANDARD BOOK NUMBER
ISBN 81-85749-51-5
041 ## - LANGUAGE CODE
Language code of text/sound track or separate title eng
082 ## - DEWEY DECIMAL CLASSIFICATION NUMBER
Item number 11991
100 ## - MAIN ENTRY--AUTHOR NAME
Personal name Verma, A.P
245 ## - TITLE STATEMENT
Title Machine Design
260 ## - PUBLICATION, DISTRIBUTION, ETC. (IMPRINT)
Name of publisher S.K. Kataria & Sons
Year of publication 2012
300 ## - PHYSICAL DESCRIPTION
Number of Pages 460
650 ## - SUBJECT ADDED ENTRY--TOPICAL TERM
Topical Term Diploma Engineering
942 ## - ADDED ENTRY ELEMENTS (KOHA)
Koha item type Books
Holdings
Lost status Damaged status Home library Date acquired Cost, normal purchase price Full call number Accession Number Koha item type Current library Shelving location
    JRU Library 29/06/2016 165.00 11991 11991 Books    
    JRU Library 29/06/2016 165.00 11991 11992 Books    
    JRU Library 29/06/2016 165.00 11991 11993 Books   SHELF-47-H
    JRU Library 29/06/2016 165.00 11991 11994 Books   SHELF-47-I
    JRU Library 29/06/2016 165.00 11991 11995 Books   SHELF-47-I
    JRU Library 29/06/2016 165.00 11991 11996 Books   SHELF-47-I
    JRU Library 29/06/2016 165.00 11991 11997 Books    
    JRU Library 29/06/2016 165.00 11991 11998 Books   SHELF-47-I
    JRU Library 29/06/2016 165.00 11991 11999 Books    
    JRU Library 29/06/2016 165.00 11991 12000 Books   SHELF-47-I
    JRU Library 29/06/2016 165.00 11991 12001 Books   SHELF-47-I
    JRU Library 29/06/2016 165.00 11991 12002 Books    
    JRU Library 29/06/2016 165.00 11991 12003 Books    
    JRU Library 29/06/2016 165.00 11991 12004 Books    
    JRU Library 29/06/2016 165.00 11991 12005 Books   SHELF-47-H
    JRU Library 29/06/2016 165.00 11991 12006 Books   SHELF-47-H
    JRU Library 29/06/2016 165.00 11991 12007 Books   SHELF-47-H
    JRU Library 29/06/2016 165.00 11991 12008 Books    
    JRU Library 29/06/2016 165.00 11991 12009 Books    
    JRU Library 29/06/2016 165.00 11991 12010 Books   SHELF-47-I
    JRU Library 29/06/2016 165.00 11991 12011 Books    
    JRU Library 29/06/2016 165.00 11991 12012 Books    
    JRU Library 29/06/2016 165.00 11991 12013 Books   SHELF-47-H